| 000 | 01073nam a22002177a 4500 | ||
|---|---|---|---|
| 003 | OSt | ||
| 005 | 20170407123455.0 | ||
| 008 | 150407b xxu||||| |||| 00| 0 eng d | ||
| 040 | _cCRI | ||
| 082 | _a658.8 | ||
| 100 |
_941065 _aEcheverria Garcia, Mario Enrique |
||
| 245 | 1 | 0 |
_aSistema "un pueblo, un producto"- Otop. Para el desarrollo de la industria local distintiva en El Salvador realizado en Comisión Nacional de la Micro y Pequeña Empresa-CONAMYPE _b: Proyecto _cMario Enrique Echeverria García, Luis Alexis Guerra Peña, Marlon Arie Rodriguez Morales |
| 260 |
_aIlobasco (Cabañas) _bUniversidad Católica de El Salvador _c2015 |
||
| 300 |
_a68 p. _c27.5 cm _e+ 1 disco compacto |
||
| 502 | _aTrabajo de graduación para optar al grado académico de Licenciado/(a) en Mercadeo y Negocios Internacionales | ||
| 650 | 0 |
_93991 _aMarketing |
|
| 700 |
_941066 _aGuerra Peña, Luis Alexis |
||
| 700 |
_941067 _aRodríguez Morales, Marlon Arie |
||
| 710 |
_940915 _aUniversidad Católica de El Salvador _bCentro Regional de Ilobasco |
||
| 942 |
_2ddc _cTG _hprozim |
||
| 999 |
_c27543 _d27543 |
||